00621 a2200181 4500000002100000001000700021005001700028008004100045020001800086082002300104100006200127245011500189260003900304300001400343630001600357700003600373700003000409BKB 14563620200902170958.0  a9788132111238 a305.56880954bC36L1 aLife as a Dalit : views from the bottom on caste in India1 aLife as a Dalit : views from the bottom on caste in Indiacedited by Subhadra Mitra Channa and Joan P. Mencher aNew DelhibSage Publicationsc2013 axi, 438p. aSocial Work aChanna, Subhadra Mitra, ed.bc aMencher, Joan P., ed.bc